00897 2200301 4500001002100000005001700021008004100038020002200079035002400101040001200125082001500137084001700152090001700169090002100186100002800207245010900235250001100344260005300355300002900408500001100437504003100448650002500479850001200504990002200516990001800538990001800556990002100574INLIS00000000002520320170201084959.0  a978-602-6369-27-7 0010-021700000000017 aYOPDYOG 223a370.15 a370.15 Tit S a370.15 Tit S aDEP 370.15 Tit S aTITIK KRISTIYANI, 1976- aSelf-Regulated learningb: konsep,implikasi, dan tantangannya bagi siswa di Indonesiac/Titik Kristiyani aCet. 1 aYogyakartabSanata Dharma University Pressc2016 axiii, 211 hlm.c; 23 cm. aIndeks aBibliografi : hlm. 173-201 aPsikologi Pendidikan aYOPDYOG aCB-D.11/2016-1169 a53295-PD/A.17 a53296-PD/A.17 a1639-RBM/PD.A.17